| 000 | 00676nam a22002177a 4500 | ||
|---|---|---|---|
| 005 | 20260401163756.0 | ||
| 008 | 260401b |||||||| |||| 00| 0 eng d | ||
| 020 | _a9789352604746 | ||
| 040 | _cAL | ||
| 041 | _aEnglish | ||
| 082 |
_a621.384 _bTERE |
||
| 100 |
_aFrederick Emmons Terman _9260042 |
||
| 245 | _aElectronic and radio engineering | ||
| 250 | _a4. | ||
| 260 |
_aChennai _bMcGraw Hill Education (India) Private Limited _c2016 |
||
| 300 |
_av,1078p. _bPB _c22.5x15cm |
||
| 365 |
_aVBI-2645 _b₹896.25 _c₹ _d₹1195.00 _e25% _f20-02-2026 |
||
| 650 |
_aElectronic Engineering _9260043 |
||
| 650 |
_aRadio Engineering and Radio Systems _9260044 |
||
| 942 |
_2ddc _cBK |
||
| 999 |
_c241108 _d241108 |
||